[Event "IECG CP.2002.Q.00009 email"]
[Site "IECG email"]
[Date "2003.10.01"]
[Round "?"]
[White "Djoudi, Amar"]
[Black "Jelen, Jean Luc"]
[Result "1/2-1/2"]
[WhiteElo "2275"]
[BlackElo "2204"]
[PlyCount "99"]
[EventDate "2003.10.01"]
[EventType "tourn (corr)"]
[EventRounds "10"]
[SourceTitle "Corr 2008"]
[Source "ChessBase"]
[SourceDate "2008.06.24"]
[SourceVersion "1"]
[SourceVersionDate "2008.06.24"]
[SourceQuality "1"]

1. d4 Nf6 2. c4 e6 3. Nf3 b6 4. a3 Bb7 5. Nc3 d5 6. cxd5 Nxd5 7. Bd2 Nd7 8. Nxd5 exd5 9. g3 Bd6 10. Bg5 Be7 11. Bxe7 Qxe7 12. e3 0-0 13. Bg2 c5 14. 0-0 Nf6 15. Rc1 c4 16. Qc2 b5 17. Qf5 Rfe8 18. Qe5 Qd8 19. Qg5 h6 20. Qf5 Bc8 21. Qc2 Ne4 22. Ne5 Bf5 23. Qe2 Qe7 24. Qh5 Bh7 25. Rfe1 Rac8 26. Qg4 Rc7 27. Ra1 a5 28. Red1 Qf6 29. Rf1 Bf5 30. Qd1 a4 31. Rc1 Qd6 32. Re1 Rb7 33. Qh5 Bh7 34. Qd1 Qe6 35. f3 Nd6 36. Nc6 Rc7 37. Nb4 Kh8 38. Qd2 Rd7 39. Na2 Rde7 40. Nc3 Bd3 41. Qf2 f5 42. Rcd1 Qf7 43. Qd2 Kh7 44. Bf1 Bxf1 45. Kxf1 Kg8 46. Kg1 Kh8 47. Re2 Qg8 48. Rde1 Qe6 49. Qc2 Kg8 50. Kh1 1/2-1/2

[Event "IECG CP.2002.Q.00009 email"]
[Site "IECG email"]
[Date "2003.10.01"]
[Round "?"]
[White "Jelen, Jean Luc"]
[Black "Galvin, John H"]
[Result "1-0"]
[WhiteElo "2204"]
[BlackElo "1971"]
[PlyCount "49"]
[EventDate "2003.10.01"]
[EventType "tourn (corr)"]
[EventRounds "10"]
[SourceTitle "Corr 2008"]
[Source "ChessBase"]
[SourceDate "2008.06.24"]
[SourceVersion "1"]
[SourceVersionDate "2008.06.24"]
[SourceQuality "1"]

1. e4 Nf6 2. e5 Nd5 3. d4 d6 4. Nf3 Bg4 5. Be2 c6 6. c4 Nb6 7. Nbd2 N8d7 8. 0-0 Bxf3 9. Nxf3 dxe5 10. dxe5 e6 11. Bd2 Qc7 12. Bc3 0-0-0 13. Qc2 h6 14. a4 Kb8 15. b4 Nc8 16. Rfb1 g5 17. Nd4 Bg7 18. b5 c5 19. Nc6+ bxc6 20. bxc6+ Ndb6 21. a5 Bxe5 22. axb6 Bxh2+ 23. Kh1 Nxb6 24. Ra6 Rd4 25. Bxd4 1-0

[Event "IECG CP.2002.Q.00009 email"]
[Site "IECG email"]
[Date "2003.10.01"]
[Round "?"]
[White "Jelen, Jean Luc"]
[Black "Roberts, Anthony"]
[Result "1/2-1/2"]
[WhiteElo "2204"]
[BlackElo "2017"]
[PlyCount "70"]
[EventDate "2003.10.01"]
[EventType "tourn (corr)"]
[EventRounds "10"]
[SourceTitle "Corr 2008"]
[Source "ChessBase"]
[SourceDate "2008.06.24"]
[SourceVersion "1"]
[SourceVersionDate "2008.06.24"]
[SourceQuality "1"]

1. e4 c5 2. Nf3 d6 3. d4 cxd4 4. Nxd4 Nf6 5. Nc3 a6 6. Bg5 e6 7. f4 Qb6 8. Nb3 Be7 9. Qf3 Nbd7 10. 0-0-0 Qc7 11. Bd3 b5 12. a3 Rb8 13. Rhe1 b4 14. axb4 Rxb4 15. Kb1 Bb7 16. Qh3 Nc5 17. Nxc5 Qxc5 18. f5 Bc8 19. b3 Qc7 20. g4 Nd7 21. Bxe7 Kxe7 22. Qh4+ Kf8 23. Re3 Ne5 24. Be2 Bb7 25. f6 gxf6 26. Qxf6 Rg8 27. g5 Bc6 28. Rf1 Qe7 29. Rh3 a5 30. Rxh7 Qxf6 31. gxf6 Bxe4 32. Nxe4 Rxe4 33. Bd3 Rb4 34. Kb2 Nxd3+ 35. cxd3 a4 1/2-1/2

[Event "IECG CP.2002.Q.00009 email"]
[Site "IECG email"]
[Date "2003.10.01"]
[Round "?"]
[White "Krol, Wladyslaw"]
[Black "Jelen, Jean Luc"]
[Result "1-0"]
[WhiteElo "2263"]
[BlackElo "2204"]
[PlyCount "107"]
[EventDate "2003.10.01"]
[EventType "tourn (corr)"]
[EventRounds "10"]
[SourceTitle "Corr 2008"]
[Source "ChessBase"]
[SourceDate "2008.06.24"]
[SourceVersion "1"]
[SourceVersionDate "2008.06.24"]
[SourceQuality "1"]

1. e4 c5 2. f4 d5 3. Nf3 dxe4 4. Ng5 Nf6 5. Bc4 Bg4 6. Bxf7+ Kd7 7. Qxg4+ Nxg4 8. Be6+ Kc6 9. Bxg4 e6 10. Nc3 Na6 11. a3 Qf6 12. 0-0 h5 13. Be2 Be7 14. Ncxe4 Qd4+ 15. Rf2 Kb6 16. d3 Bxg5 17. Nxg5 Rhe8 18. Rb1 Rac8 19. Nf3 Qd5 20. Be3 Kc7 21. Ne5 Rf8 22. Bxh5 Qd6 23. Nc4 Qe7 24. Bf3 Kb8 25. Na5 b6 26. Nc6+ Rxc6 27. Bxc6 Nc7 28. Be4 Nb5 29. Bd2 Qd7 30. g3 a6 31. Rbf1 Ka7 32. f5 exf5 33. Bxf5 Qe7 34. Re1 Qd8 35. h4 Nc7 36. Bg5 Qd6 37. Bf4 Qd8 38. Be5 Rf7 39. c3 Re7 40. Rfe2 a5 41. h5 a4 42. g4 Rf7 43. Bg6 Rd7 44. Bg3 Ka6 45. Bf5 Rf7 46. Re5 Nb5 47. Bg6 Nd6 48. Re6 Rd7 49. Rf1 Kb5 50. Kh2 Ka5 51. d4 cxd4 52. cxd4 Ka6 53. Kh3 Nc4 54. Re8 1-0

[Event "IECG WC.2002.F.00004 email"]
[Site "IECG email"]
[Date "2002.12.15"]
[Round "?"]
[White "Jelen, Jean Luc"]
[Black "Onder, Evren"]
[Result "0-1"]
[WhiteElo "2166"]
[BlackElo "2183"]
[PlyCount "38"]
[EventDate "2002.12.15"]
[EventType "tourn (corr)"]
[EventRounds "10"]
[SourceTitle "Corr 2008"]
[Source "ChessBase"]
[SourceDate "2008.06.24"]
[SourceVersion "1"]
[SourceVersionDate "2008.06.24"]
[SourceQuality "1"]

1. e4 c5 2. Nf3 d6 3. d4 cxd4 4. Nxd4 Nf6 5. Nc3 g6 6. Be3 Bg7 7. f3 0-0 8. Qd2 Nc6 9. 0-0-0 d5 10. exd5 Nb4 11. Bc4 Nfxd5 12. Nb3 Nxc3 13. bxc3 Nxa2+ 14. Kb2 Nxc3 15. Qxd8 Nxd1+ 16. Kc1 Rxd8 17. Rxd1 Bb2+ 18. Kxb2 Rxd1 19. Nd2 b5 0-1

[Event "IECG WC.2002.F.00004 email"]
[Site "IECG email"]
[Date "2002.12.15"]
[Round "?"]
[White "Oestergaard, Allan"]
[Black "Jelen, Jean Luc"]
[Result "0-1"]
[WhiteElo "2191"]
[BlackElo "2166"]
[PlyCount "124"]
[EventDate "2002.12.15"]
[EventType "tourn (corr)"]
[EventRounds "10"]
[SourceTitle "Corr 2008"]
[Source "ChessBase"]
[SourceDate "2008.06.24"]
[SourceVersion "1"]
[SourceVersionDate "2008.06.24"]
[SourceQuality "1"]

1. e4 c5 2. Nc3 Nc6 3. Nf3 e5 4. Bc4 Be7 5. d3 d6 6. Nd2 Bg5 7. h4 Bh6 8. Qh5 g6 9. Qd1 Nf6 10. Nf1 Bxc1 11. Qxc1 Be6 12. Ne3 Qd7 13. Ncd5 Bxd5 14. Nxd5 Nxd5 15. Bxd5 Ne7 16. Bb3 f5 17. h5 0-0-0 18. Qe3 f4 19. Qe2 Rhf8 20. Rg1 f3 21. gxf3 Rf6 22. 0-0-0 Rdf8 23. Qd2 Rxf3 24. Qh6 Qe8 25. Rh1 Rxf2 26. hxg6 hxg6 27. Qg7 b5 28. Be6+ Kd8 29. Rh6 R2f6 30. Bb3 a5 31. Rh8 a4 32. Be6 Rxh8 33. Qxf6 Qf8 34. Bf7 Kc7 35. Rf1 Rh7 36. Qf2 Nc6 37. Qf6 Qh6+ 38. Kb1 g5 39. Qxh6 Rxh6 40. c3 Nd8 41. Bd5 g4 42. Rg1 Rg6 43. Kc2 Kd7 44. Rg3 Ne6 45. Kd2 Nf4 46. Bb7 Rh6 47. Rxg4 Rh2+ 48. Ke3 Re2+ 49. Kf3 Rxb2 50. Rg7+ Kd8 51. Bc6 a3 52. Rd7+ Kc8 53. Rxd6 Kc7 54. Rh6 b4 55. Ba4 bxc3 56. Rc6+ Kd8 57. Rxc5 Rxa2 58. Rxc3 Ne2 59. Rc5 Rb2 60. Rd5+ Kc7 61. Ra5 a2 62. Be8 Nd4+ 0-1

[Event "IECG CP.2000.S.00003 email"]
[Site "IECG email"]
[Date "2002.10.01"]
[Round "?"]
[White "Jelen, Jean Luc"]
[Black "Efendiyev, Enver Mikhailovich"]
[Result "1-0"]
[WhiteElo "2165"]
[BlackElo "2511"]
[PlyCount "95"]
[EventDate "2002.10.01"]
[EventType "tourn (corr)"]
[EventRounds "6"]
[EventCountry "ENG"]
[SourceTitle "Corr 2008"]
[Source "ChessBase"]
[SourceDate "2008.06.24"]
[SourceVersion "1"]
[SourceVersionDate "2008.06.24"]
[SourceQuality "1"]

1. e4 e5 2. Nf3 Nc6 3. Bb5 a6 4. Ba4 Nf6 5. 0-0 Be7 6. Re1 b5 7. Bb3 0-0 8. c3 d5 9. exd5 Nxd5 10. Nxe5 Nxe5 11. Rxe5 c6 12. d3 Bd6 13. Re1 Bf5 14. Qf3 Re8 15. Rxe8+ Qxe8 16. Nd2 Qe1+ 17. Nf1 Be6 18. h3 Re8 19. Bd1 Qe5 20. Bd2 Bc7 21. Bb3 Qd6 22. Re1 Bd7 23. Rxe8+ Bxe8 24. Bxd5 cxd5 25. Ne3 Bc6 26. Nf5 Qd7 27. Qg4 g6 28. Nh6+ Kg7 29. Qd4+ f6 30. Ng4 Qe7 31. Bh6+ Kf7 32. Bf4 Bd8 33. a3 Bb7 34. Ne3 Qe6 35. Qa7 Qc6 36. Qb8 Qd7 37. Bg3 Kg7 38. Bd6 Kf7 39. Nc2 Bc8 40. Bg3 Kg7 41. Qf4 Bb6 42. d4 g5 43. Qf3 Qe6 44. Ne3 Bb7 45. h4 Qe4 46. Qh5 h6 47. hxg5 hxg5 48. Qh3 1-0

[Event "IECG CP.2001.P.00021"]
[Site "IECG email"]
[Date "2001.10.01"]
[Round "?"]
[White "Coulombier, Stephane"]
[Black "Jelen, Jean Luc"]
[Result "1/2-1/2"]
[WhiteElo "2250"]
[BlackElo "2059"]
[PlyCount "38"]
[EventDate "2001.10.01"]
[EventType "tourn (corr)"]
[EventRounds "6"]
[SourceTitle "Corr 2008"]
[Source "ChessBase"]
[SourceDate "2008.06.24"]
[SourceVersion "1"]
[SourceVersionDate "2008.06.24"]
[SourceQuality "1"]

1. c4 Nf6 2. Nf3 g6 3. Nc3 Bg7 4. e4 d6 5. d4 0-0 6. h3 e5 7. d5 Na6 8. Bg5 Qe8 9. g4 Nd7 10. Be2 Ndc5 11. Qd2 f6 12. Bh6 Bxh6 13. Qxh6 Nb4 14. 0-0-0 a5 15. Kb1 Bd7 16. a3 Ba4 17. Rd2 Nb3 18. Rdd1 Nc5 19. Rd2 Nb3 1/2-1/2

[Event "IECG CP.2000.Q.00027"]
[Site "IECG email"]
[Date "2001.10.01"]
[Round "?"]
[White "Jelen, Jean Luc"]
[Black "Rooms, Trevor J"]
[Result "1-0"]
[WhiteElo "2059"]
[BlackElo "2262"]
[PlyCount "42"]
[EventDate "2001.10.01"]
[EventType "tourn (corr)"]
[EventRounds "6"]
[SourceTitle "Corr 2008"]
[Source "ChessBase"]
[SourceDate "2008.06.24"]
[SourceVersion "1"]
[SourceVersionDate "2008.06.24"]
[SourceQuality "1"]

1. e4 c5 2. Nf3 d6 3. d4 cxd4 4. Nxd4 Nf6 5. Nc3 a6 6. Be2 e5 7. Nb3 Be7 8. 0-0 Be6 9. f4 Qc7 10. Kh1 0-0 11. f5 Bc4 12. g4 h6 13. g5 hxg5 14. Bxg5 Nbd7 15. Rg1 Rfb8 16. Bxc4 Qxc4 17. Qf3 Bf8 18. Nd2 Qc6 19. Bxf6 Nxf6 20. Nd5 Nxd5 21. exd5 Qc7 1-0

[Event "IECG CP.1997.F.00002"]
[Site "IECG email"]
[Date "2000.??.??"]
[Round "?"]
[White "Jelen, Jean Luc"]
[Black "Koch, Christian"]
[Result "1/2-1/2"]
[WhiteElo "1977"]
[BlackElo "2370"]
[PlyCount "90"]
[EventDate "2000.02.01"]
[EventType "tourn (corr)"]
[EventRounds "5"]
[SourceTitle "Corr 2008"]
[Source "ChessBase"]
[SourceDate "2008.06.24"]
[SourceVersion "1"]
[SourceVersionDate "2008.06.24"]
[SourceQuality "1"]

1. e4 c5 2. Nf3 Nc6 3. d4 cxd4 4. Nxd4 Nf6 5. Nc3 e5 6. Ndb5 d6 7. Bg5 a6 8. Na3 b5 9. Bxf6 gxf6 10. Nd5 f5 11. Bd3 Be6 12. 0-0 Bxd5 13. exd5 Ne7 14. c3 e4 15. Bc2 Bg7 16. Qh5 Qa5 17. Bb3 Bxc3 18. Nxb5 axb5 19. bxc3 Qxc3 20. Rac1 Qe5 21. Rfe1 0-0 22. Re3 Kh8 23. Rh3 Qg7 24. Rg3 Qf6 25. Rh3 Qg6 26. Qh4 f6 27. Re1 Qf7 28. Qf4 Rad8 29. f3 Rg8 30. fxe4 Rg4 31. Qf3 Rdg8 32. g3 fxe4 33. Rxe4 Rxe4 34. Qxe4 Ng6 35. Qf5 Re8 36. Bc2 Kg8 37. Qf2 Re5 38. Bd1 Ne7 39. Bc2 f5 40. Rh6 Ng6 41. Rh5 Ne7 42. g4 Qg7 43. h3 h6 44. Bxf5 Nxd5 45. Be6+ Rxe6 1/2-1/2

[Event "IECG CP.1999.P.00011"]
[Site "IECG email"]
[Date "1999.10.01"]
[Round "?"]
[White "Jelen, Jean Luc"]
[Black "Mrkvicka, Josef"]
[Result "1/2-1/2"]
[WhiteElo "1975"]
[BlackElo "2380"]
[PlyCount "45"]
[EventDate "1999.10.01"]
[EventType "tourn (corr)"]
[EventRounds "6"]
[EventCountry "NED"]
[SourceTitle "Corr 2008"]
[Source "ChessBase"]
[SourceDate "2008.06.24"]
[SourceVersion "1"]
[SourceVersionDate "2008.06.24"]
[SourceQuality "1"]

1. e4 e5 2. Nf3 Nf6 3. Nxe5 d6 4. Nf3 Nxe4 5. d4 d5 6. Bd3 Be7 7. 0-0 Nc6 8. c4 Nb4 9. Be2 0-0 10. Nc3 Be6 11. Be3 Bf5 12. Rc1 dxc4 13. Bxc4 c6 14. Ne5 Nxc3 15. bxc3 Nd5 16. Qf3 Be6 17. Bd2 f6 18. Nd3 Qd7 19. Rfe1 Bd6 20. h3 Bf7 21. Bb3 Rae8 22. c4 Ne7 23. Bc3 1/2-1/2

[Event "IECG FI.1999.0.00002 Jim Krepp mem II"]
[Site "IECG email"]
[Date "1999.06.01"]
[Round "?"]
[White "Grazinys, Vidmantas"]
[Black "Jelen, Jean Luc"]
[Result "1/2-1/2"]
[WhiteElo "2059"]
[BlackElo "1978"]
[PlyCount "127"]
[EventDate "1999.06.01"]
[EventType "tourn (corr)"]
[EventRounds "12"]
[SourceTitle "Corr 2008"]
[Source "ChessBase"]
[SourceDate "2008.06.24"]
[SourceVersion "1"]
[SourceVersionDate "2008.06.24"]
[SourceQuality "1"]

1. e4 c5 2. Nf3 e6 3. d4 cxd4 4. Nxd4 Nc6 5. Nb5 d6 6. Bf4 e5 7. Be3 a6 8. N5a3 Nf6 9. Nc3 Rb8 10. Nd5 Nxd5 11. exd5 Ne7 12. b4 Nf5 13. Bd2 Be7 14. Bd3 0-0 15. 0-0 Nh4 16. c4 f5 17. Qh5 Bd7 18. Rae1 Rc8 19. Rc1 e4 20. Bc2 Ng6 21. Bb3 Ne5 22. c5 f4 23. Qe2 Bf5 24. Bxf4 Nd3 25. Be3 Nxc1 26. Rxc1 Kh8 27. Qd2 a5 28. bxa5 dxc5 29. Nc4 Bd6 30. h3 Qf6 31. Bg5 Qg6 32. Qe3 h6 33. Bh4 Bd7 34. Nxd6 Qxd6 35. Bg3 Qf6 36. Qxe4 Qg5 37. Rd1 Rfe8 38. Qd3 Qf5 39. Qxf5 Bxf5 40. Bc4 Ra8 41. Bc7 Re4 42. Rc1 Rae8 43. Rc3 Bd7 44. Bb6 Rc8 45. f3 Rd4 46. Bb3 Rd2 47. Bxc5 Kg8 48. Bb4 Rxc3 49. Bxc3 Rd3 50. Bb4 Kf7 51. Kf2 Ke8 52. h4 h5 53. g3 Bb5 54. Bd6 Kf7 55. Bf4 Bd7 56. Be5 Kg8 57. Bc4 Ra3 58. Bb3 Rxa5 59. Ke3 Kf7 60. Kf4 g6 61. Kg5 Ba4 62. Bc7 Bxb3 63. Bxa5 Bxd5 64. a3 1/2-1/2

[Event "IECG FI.1999.0.00002 Jim Krepp mem II"]
[Site "IECG email"]
[Date "1999.06.01"]
[Round "?"]
[White "Jelen, Jean Luc"]
[Black "Santos, Paulo J"]
[Result "0-1"]
[WhiteElo "1978"]
[BlackElo "1743"]
[PlyCount "73"]
[EventDate "1999.06.01"]
[EventType "tourn (corr)"]
[EventRounds "12"]
[SourceTitle "Corr 2008"]
[Source "ChessBase"]
[SourceDate "2008.06.24"]
[SourceVersion "1"]
[SourceVersionDate "2008.06.24"]
[SourceQuality "1"]

1. e4 e5 2. Nf3 Nc6 3. Bb5 a6 4. Ba4 Nf6 5. 0-0 Nxe4 6. d4 b5 7. Bb3 d5 8. dxe5 Be6 9. Nbd2 Nc5 10. c3 d4 11. Ng5 dxc3 12. Nxe6 fxe6 13. bxc3 Qd3 14. Bc2 Qxc3 15. Nb3 Rd8 16. Qh5+ g6 17. Bxg6+ hxg6 18. Qxh8 Nxb3 19. axb3 Qxa1 20. Qxf8+ Kxf8 21. Bh6+ Ke8 22. Rxa1 a5 23. Be3 Nxe5 24. Bf4 Rd5 25. h4 b4 26. Kh2 Kd7 27. Bxe5 Rxe5 28. Kg3 Rf5 29. f3 Kd6 30. Ra2 Rd5 31. Kf4 Rd3 32. Kg5 Rxb3 33. Kxg6 Ra3 34. Rd2+ Ke7 35. Rc2 Rc3 36. Ra2 Rc5 37. Rb2 0-1

[Event "IECG FI.1999.0.00002 Jim Krepp mem II"]
[Site "IECG email"]
[Date "1999.06.01"]
[Round "?"]
[White "Pijl, Richard"]
[Black "Jelen, Jean Luc"]
[Result "0-1"]
[WhiteElo "1855"]
[BlackElo "1978"]
[PlyCount "58"]
[EventDate "1999.06.01"]
[EventType "tourn (corr)"]
[EventRounds "12"]
[SourceTitle "Corr 2008"]
[Source "ChessBase"]
[SourceDate "2008.06.24"]
[SourceVersion "1"]
[SourceVersionDate "2008.06.24"]
[SourceQuality "1"]

1. e4 c5 2. Nf3 d6 3. d4 cxd4 4. Nxd4 Nf6 5. Nc3 a6 6. f4 Qc7 7. Be2 e6 8. 0-0 Be7 9. Be3 0-0 10. g4 d5 11. e5 Ne4 12. Nxe4 dxe4 13. g5 Rd8 14. c3 Nd7 15. Qc2 Nc5 16. Rad1 b5 17. c4 b4 18. Rd2 Bb7 19. Rfd1 Rd7 20. h4 Rad8 21. h5 Nd3 22. Nb3 f5 23. gxf6 gxf6 24. Bg4 f5 25. Be2 Bh4 26. Kf1 Bg3 27. h6 Bc6 28. c5 Nxf4 29. Nd4 Nd5 0-1

[Event "IECG CP.1998.Q.00019"]
[Site "IECG email"]
[Date "1999.??.??"]
[Round "?"]
[White "Emonot, Philippe"]
[Black "Jelen, Jean Luc"]
[Result "1/2-1/2"]
[WhiteElo "2095"]
[BlackElo "1975"]
[PlyCount "49"]
[EventDate "1999.10.01"]
[EventType "tourn (corr)"]
[EventRounds "8"]
[EventCountry "CAN"]
[SourceTitle "Corr 2008"]
[Source "ChessBase"]
[SourceDate "2008.06.24"]
[SourceVersion "1"]
[SourceVersionDate "2008.06.24"]
[SourceQuality "1"]

1. c4 c6 2. e4 d5 3. exd5 cxd5 4. d4 Nf6 5. Nc3 e6 6. Nf3 Bb4 7. cxd5 Nxd5 8. Bd2 0-0 9. Bd3 Nc6 10. 0-0 Be7 11. Qe2 Nf6 12. Ne4 Qb6 13. a3 Bd7 14. Rfd1 Rad8 15. b4 Nxe4 16. Qxe4 f5 17. Qe3 Bf6 18. Bc3 Ne7 19. Bb2 a5 20. Qd2 axb4 21. Qxb4 Qxb4 22. axb4 Bc6 23. Ne5 Bxe5 24. dxe5 Rd5 25. Bf1 1/2-1/2